<?xml version="1.0" encoding="UTF-8"?>
<record
    xmlns:xsi="http://www.w3.org/2001/XMLSchema-instance"
    xsi:schemaLocation="http://www.loc.gov/MARC21/slim http://www.loc.gov/standards/marcxml/schema/MARC21slim.xsd"
    xmlns="http://www.loc.gov/MARC21/slim">

  <leader>02129nam a22001577a 4500</leader>
  <datafield tag="082" ind1=" " ind2=" ">
    <subfield code="a">621</subfield>
  </datafield>
  <datafield tag="100" ind1=" " ind2=" ">
    <subfield code="a">Dar, M Asad </subfield>
    <subfield code="9">122734</subfield>
  </datafield>
  <datafield tag="245" ind1=" " ind2=" ">
    <subfield code="a">EXPERIMENTAL ANALYSIS OF WELDING PARAMETERS OF WELDING JOINT OF AUSTENATIC STEEL (300 SERIES) BY TIG WELDING /</subfield>
    <subfield code="c">M Asad Dar</subfield>
  </datafield>
  <datafield tag="264" ind1=" " ind2=" ">
    <subfield code="a">Islamabad : </subfield>
    <subfield code="b">SMME- NUST; </subfield>
    <subfield code="c">2022.</subfield>
  </datafield>
  <datafield tag="300" ind1=" " ind2=" ">
    <subfield code="a">134p.</subfield>
    <subfield code="b">Soft Copy</subfield>
    <subfield code="c">30cm</subfield>
  </datafield>
  <datafield tag="500" ind1=" " ind2=" ">
    <subfield code="a">After the advent of welding as a joining method, welding technology was employed as a key joining technique in hi-tech industry for the welding of AISI 321 structures such as pressure vessels and aerospace applications. Due to their high strength and low weight ratio, stainless steel AISI 321 is extensively used for various applications in a number of industries including nuclear, aerospace, chemical, petrochemical, fertilizer, and food processing industries and in many other major industrial operations. Manufacturing industry has taken advantages of tungsten Inter gas (TIG) welding to join structures. High quality weld for stainless steels and non-ferrous alloys are also obtained with this technique. However, in comparison to arc welding processes the TIG welding has lower productivity due to shallow penetration, which confines its application. From industrial point of view, stainless steel AISI 321 is very commonly used material due to its improved corrosion resistance, low weight ratio and better creep rupture strength. In this experimental work, the main objectives are to analyze and optimize the joining of stainless steel AISI 321 sheet by tungsten Inter Gas (TIG) welding using Taguchi experimental design. The current, voltage, gas flow rate and filler rod are the variable parameters in this study. The properties namely ultimate tensile strength (UTS), yield strength, % elongation, joint quality and hardness of stainless steel AISI 321 are investigated by using filler material 316L and 308L at varying current, voltage and gas flow rate.</subfield>
  </datafield>
  <datafield tag="650" ind1=" " ind2=" ">
    <subfield code="a">MS Mechanical Engineering      </subfield>
    <subfield code="9">119495</subfield>
  </datafield>
  <datafield tag="700" ind1=" " ind2=" ">
    <subfield code="a">Supervisor : Dr. Sadaqat Ali</subfield>
    <subfield code="9">119866</subfield>
  </datafield>
  <datafield tag="856" ind1=" " ind2=" ">
    <subfield code="u">http://10.250.8.41:8080/xmlui/handle/123456789/29924</subfield>
  </datafield>
  <datafield tag="942" ind1=" " ind2=" ">
    <subfield code="2">ddc</subfield>
    <subfield code="c">THE</subfield>
  </datafield>
  <datafield tag="999" ind1=" " ind2=" ">
    <subfield code="c">609180</subfield>
    <subfield code="d">609180</subfield>
  </datafield>
  <datafield tag="952" ind1=" " ind2=" ">
    <subfield code="0">0</subfield>
    <subfield code="1">0</subfield>
    <subfield code="4">0</subfield>
    <subfield code="7">0</subfield>
    <subfield code="a">SMME</subfield>
    <subfield code="b">SMME</subfield>
    <subfield code="c">EB</subfield>
    <subfield code="d">2024-05-20</subfield>
    <subfield code="l">0</subfield>
    <subfield code="o">621</subfield>
    <subfield code="p">SMME-TH-716</subfield>
    <subfield code="r">2024-05-20</subfield>
    <subfield code="w">2024-05-20</subfield>
    <subfield code="y">THE</subfield>
  </datafield>
</record>
